El faro del fin del mundo /

Guardado en:
Autor Principal: Verne, Julio
Formato: Libro
Publicado: Buenos Aires : Cantaro, 2003
Series:Colección del Mirador
Materias:
Etiquetas: Agregar Etiqueta
Sin Etiquetas, Sea el primero en etiquetar este registro!
LEADER 00711nam a22002535a 4500
001 CEM.cems018499
005 20151027121103.0
008 130507s2003##################000#0#####d
003 CEMS
020 |a 9507531157 
082 0 4 |a 843 
100 1 |a Verne, Julio 
245 1 0 |a El faro del fin del mundo /  |c Julio Verne 
260 |a Buenos Aires :  |b Cantaro,  |c 2003 
300 |a 251 p. 
490 0 |a Colección del Mirador 
505 0 |a La sirena / Ray Bradbury 
653 |a Literatura 
653 |a Literatura fantástica 
653 |a Novelas 
653 |a Novela fantástica 
653 |a Literatura francesa 
653 |a Literatura norteamericana 
859 |a CEMS  |b BIB. CEMS - Agricultura  |h 843  |i V594  |p A2198.14  |t Ej.1